Dưỡng nhan tuổi 40 /

Guardado en:
Detalles Bibliográficos
Autor principal: Hoàng Xuân Đại, BS.
Formato: Artículo
Lenguaje:Vietnamese
Materias:
Etiquetas: Agregar Etiqueta
Sin Etiquetas, Sea el primero en etiquetar este registro!
Thư viện lưu trữ: Thư viện Trường Đại học Đà Lạt
LEADER 00732nam a2200265 4500
001 DLU090102944
005 ##20091228
040 # # |a DLU  |b vie 
041 # # |a vie 
044 # # |a vn 
100 # # |a Hoàng Xuân Đại,   |c BS. 
245 # # |a Dưỡng nhan tuổi 40 /  |c Hoàng Xuân Đại. 
653 # # |a Chống lão hóa 
653 # # |a Dinh dưỡng 
653 # # |a Liệu pháp ăn uống 
773 # # |t Cây thuốc quý  |g Số7(111), 2008, tr. 24-25 
920 # # |a Phòng Tạp chí -- Trung tâm Thông tin - Thư viện Trường Đại học Đà Lạt 
994 # # |a DLU 
900 # # |a True 
911 # # |a Nguyễn Thị Linh Chi 
925 # # |a G 
926 # # |a A 
927 # # |a BB 
980 # # |a Thư viện Trường Đại học Đà Lạt